| 000 | 00664nam a2200241 i 4500 | ||
|---|---|---|---|
| 001 | 134594 | ||
| 003 | ES-MaACL | ||
| 005 | 20250818131148.0 | ||
| 007 | t| | ||
| 008 | 070912s1971 sp ab ||||1| spa d | ||
| 080 | _a940.3 | ||
| 080 | _a355.48(100)"1916" | ||
| 100 | 1 |
_aWedelman, P. _9116282 |
|
| 245 | 1 | 0 |
_aVerdĂșn... / _cP. Wedelman. |
| 260 |
_a[Madrid] : _bCirculo de Amigos de la Historia, _c[1971] |
||
| 300 |
_a272 p., 1 mapa : _bil. ; _c18 cm. |
||
| 490 | 1 | _aLa Gran Guerra | |
| 650 |
_aBatalla de VerdĂșn, 1916. _9170975 |
||
| 700 | 2 |
_a _9241902 |
|
| 830 | 1 |
_aLa Gran Guerra _9186978 |
|
| 852 |
_aES-MaACL _jC-45896 |
||
| 999 |
_c134594 _d134594 |
||